| 000 | 00902nam a2200289Ia 4500 | ||
|---|---|---|---|
| 999 |
_c4932 _d4932 |
||
| 001 | 1071 | ||
| 003 | GBCCL | ||
| 005 | 20241126110530.0 | ||
| 008 | 810820r1978 mnu 00010 eng d | ||
| 010 | _z 78058548 | ||
| 020 |
_a0849928397 (pbk.) _z084990109X |
||
| 035 | _aOCM07687493 820327 | ||
| 040 |
_aSPL _cSPL _dLBB |
||
| 049 | _aLBBK | ||
| 082 |
_a249 _a248.84 _bCHA |
||
| 092 | _a306.8 | ||
| 092 | _bC433 | ||
| 100 | 1 | 0 |
_aChafin, Kenneth. _98954 |
| 245 | 1 | 0 |
_aIs there a family in the house? / _cKenneth Chafin. |
| 250 | _aSpecial crusade ed. | ||
| 260 | 0 |
_aMinneapolis, Minn. : _bPublished for the Billy Graham Evangelistic Association by World Wide Publications, _cc1978. |
|
| 300 |
_a158 p. ; _c21 cm. |
||
| 500 | _aPrevious ed.: Waco, Tex. : Word Books, 1978. | ||
| 650 | 0 |
_aMarriage _xBiblical teaching. _93367 |
|
| 650 | 0 |
_aFamily _xBiblical teaching. _98955 |
|
| 942 |
_2ddc _cBK _0159 |
||